Sports Quiz

Random Sports Quiz

Ways to get on base Quiz Stats

 Plays Quiz not verified by Sporcle

Score 0/11 Timer 06:00
0 Plays Today
% Correct
Hit
97.5%
Walk
97.5%
Hit by pitch
92.5%
Reached on Error
75%
Fielders Choice
62.5%
Dropped Third Strike
55%
Balk
45%
Catcher Interferance
15%
Subing in as a Pinch Runner
5%
Fielder Obstruction
2.5%
Overturned Out Call
2.5%

You're not logged in!

Compare scores with friends on all Sporcle quizzes.
OR
Log In

Show Comments

Extras

Created Feb 16, 2012ReportNominate
Tags:base

Top Quizzes Today


Score Distribution

Your Account Isn't Verified!

In order to create a playlist on Sporcle, you need to verify the email address you used during registration. Go to your Sporcle Settings to finish the process.

Report this User

Report this user for behavior that violates our Community Guidelines.

Details: